Entry Nombre personal
001 - NÚMERO DE CONTROL
- campo de control: 131518
003 - IDENTIFICADOR DE NÚMERO DE CONTROL
- campo de control: SpMaBN
005 - FECHA Y HORA DE LA ÚLTIMA TRANSACCIÓN
- campo de control: 20250810092327.0
008 - ELEMENTOS DE DATO DE LONGITUD-FIJA
- campo de control de longitud fija: 070201n| aijnnaabn |n aac
016 ## - NÚMERO DE CONTROL DE UNA AGENCIA BIBLIOGRÁFICA NACIONAL
- Número de control del registro: BNE20070215749
040 ## - FUENTE DE CATALOGACIÓN
- Centro catalogador/agencia de origen: SpMaBN
- Lengua de catalogación: spa
- Centro/agencia transcriptor: SpMaBN
- Normas de descripción: rdc
- Convención/Normas de encabezamiento de materia/tesauro: embne
046 ## - FECHAS CON CODIFICACIÓN ESPECIAL
- Fecha de nacimiento: 1814
- Fecha de la muerte: 1882
100 1# - ENCABEZAMIENTO-NOMBRE DE PERSONA
- Nombre de persona: Quicherat, Jules-Étienne,
- Fechas asociadas al nombre: 1814-1882
400 1# - TRAZADO DE VÉASE--NOMBRE DE PERSONA
- Nombre de persona: Quicherat, Jules,
- Fechas asociadas al nombre: 1814-1882
